000 nam a22 a 4500
999 _c119694
_d119694
003 BLK
005 20220311115736.0
008 180409b bul|||||r ||||||| ||bul||
010 _aKNG00125309000
040 _aBLK
041 _aBUL
_cBUL
080 _aБългарска литература
_b821.163.2
_x-93-1
_z821.163.2-93-1
100 1 _aАнгелов, Цветан Константинов
_eпърви автор
_9376408
139 _aАнгелов, Цветан Константинов
_bA 64
245 1 0 _aПриключение с голямата чанта на раздавача
_bПоема
_cЦветан Константинов Ангелов; нарис. Борислав Владимиров Стоев.
257 _aBGR
260 _bБълг. художник
_c1962
_aСофия
300 _a18 с.
_bс ил.
_c22Х31 см
380 _aDX
700 1 _aСтоев, Борислав Владимиров
_eнарис.
_9365108
852 _aЦб 25879
_bЦб
856 4 _qpdf
856 4 _qpdf
942 _cKNG
_n0
_s1
944 _aCR
_c25.08.2011
_l25.08.2011 - от С1,Р / 25.08.2011
_kВиолета_Тройчева
944 _aED
_c31.08.2011
_l25.08.2011 - от С1,Р / 25.08.2011
999 _d119694